[Event "FAI-chT 1516"]
[Site "Faroe Islands"]
[Date "2016.02.14"]
[Round "6.3"]
[White "Petersen, Johnny"]
[Black "Nielsen, Torkil"]
[Result "0-1"]
[WhiteElo "1690"]
[BlackElo "2139"]
[PlyCount "40"]
[EventDate "2015.10.25"]
[EventType "team-tourn"]
[EventRounds "10"]
[EventCountry "FAI"]
[SourceTitle "EXT 2017"]
[Source "ChessBase"]
[SourceDate "2016.10.25"]
[SourceVersion "1"]
[SourceVersionDate "2016.10.25"]
[SourceQuality "1"]
[WhiteTeam "Sandavagur II"]
[BlackTeam "Sandavagur"]
[WhiteTeamCountry "FAI"]
[BlackTeamCountry "FAI"]

1. d4 e6 2. Nf3 f5 3. g3 d6 4. Bg2 Be7 5. c4 Nf6 6. Nc3 0-0 7. 0-0 Qe8 8. Nb5 Bd8 9. Qd3 Nc6 10. a3 e5 11. dxe5 dxe5 12. Qc2 Be6 13. b3 Qh5 14. Ng5 Bd7 15. Rd1 a6 16. Bxc6 Bxc6 17. Nc3 h6 18. Ne6 Ng4 19. h4 Bxh4 20. Nd5 Bxg3 0-1

[Event "FAI-chT 1516"]
[Site "Faroe Islands"]
[Date "2016.01.10"]
[Round "5.3"]
[White "Nielsen, Torkil"]
[Black "Simonsen, Hans Kristian"]
[Result "1-0"]
[WhiteElo "2139"]
[BlackElo "2165"]
[PlyCount "47"]
[EventDate "2015.10.25"]
[EventType "team-tourn"]
[EventRounds "10"]
[EventCountry "FAI"]
[SourceTitle "EXT 2017"]
[Source "ChessBase"]
[SourceDate "2016.10.25"]
[SourceVersion "1"]
[SourceVersionDate "2016.10.25"]
[SourceQuality "1"]
[WhiteTeam "Sandavagur"]
[BlackTeam "Havnin"]
[WhiteTeamCountry "FAI"]
[BlackTeamCountry "FAI"]

1. e4 e6 2. d4 d5 3. Nd2 Nf6 4. e5 Nfd7 5. Bd3 c5 6. c3 Nc6 7. Ne2 cxd4 8. cxd4 f6 9. Nf4 Nxd4 10. Qh5+ Ke7 11. exf6+ Nxf6 12. Ng6+ hxg6 13. Qxh8 Kf7 14. Qh4 e5 15. Nf3 Nxf3+ 16. gxf3 Bf5 17. Bxf5 gxf5 18. Bg5 Qa5+ 19. Kf1 Rc8 20. Bxf6 Rc4 21. Qh5+ Kxf6 22. Rg1 Rf4 23. Rg6+ Ke7 24. Rc1 1-0